| 000 | 00584 a2200157 4500 | ||
|---|---|---|---|
| 001 | ART_42349 | ||
| 005 | 20260410161827.0 | ||
| 008 | 260409a | ||
| 245 | 1 | 0 | _aReflexiones sobre intentos de reforma del estatuto de la Universidad Nacional de Mar del Plata, una aproximación a los factores que intervinieron en el proceso |
| 100 | 1 | _aGonzález Carella, María I. | |
| 700 | 1 | _aHammond, Fernando | |
| 700 | 1 | _aPérez, Pedro E. | |
| 700 | 1 | _aCarrozza, Tomás | |
| 700 | 1 | _aMurillo, Luciana L. | |
| 773 | 0 |
_tFACES _g- Año 21, Nº 44 (ene./jun. 2015) _wREV5046 |
|
| 999 |
_c22872 _d22872 |
||